000 00795nam a2200277 i 4500
001 C2-0270409
003 PPAK
005 20180728000804.0
008 060809s2006 my |||| ||||| | may d
020 _a9676117838
040 _aPPAK
_beng
_cPPAK
_erda
082 0 4 _a510.7
_223
090 0 0 _a510.7
_bSAB
_dG
100 0 _aSabri Ahmad,
_eauthor
245 1 0 _aIsu-isu dalam pendidikan matematik
264 1 _aKuala Lumpur :
_bUtusan Publications ,
_c2006
300 _aiii, 135 pages ;
_c25 cm
336 _2rdacontent
_atext
337 _2rdamedia
_aunmediated
338 _2rdacarrier
_avolume
490 1 _aSiri pengajian dan pendidikan Utusan
650 1 0 _aMathematics - Study and teaching.
700 _eauthor
830 0 _aSiri pengajian dan pendidikan Utusan
942 _ddc
_cB
999 _c78949
_d78949